Golf : Vainqueur de la FedEx Cup - Statistiques

Statistiques générales
  • Ce quiz a été pris 3 fois
  • Le résultat moyen est 9 sur 19
Statistiques - réponses
Année Vainqueur % Correct
2022 Rory McIlroy
100%
2019 Rory McIlroy
100%
2016 Rory McIlroy
100%
2024 Scottie Scheffler
100%
2025 Tommy Fleetwood
100%
2015 Jordan Spieth
67%
2017 Justin Thomas
67%
2009 Tiger Woods
67%
2007 Tiger Woods
67%
2023 Viktor Hovland
67%
2020 Dustin Johnson
33%
2013 Henrik Stenson
33%
2018 Justin Rose
33%
2011 Bill Haas
0%
2014 Billy Horschel
0%
2012 Brandt Snedeker
0%
2010 Jim Furyk
0%
2021 Patrick Cantlay
0%
2008 Vijay Singh
0%
Aucun quiz correspondant
Distribution des résultats
% des personnes avec chaque résultat
Percentile par nombre de réponses
Votre historique - résultats
Vous n’avez pas pris ce quiz